| 000 | 01580pam a2200385 a 4500 | ||
|---|---|---|---|
| 001 | 1126366 | ||
| 003 | OSt | ||
| 005 | 20251006112227.0 | ||
| 008 | 941006r19801995gw b 001 0 eng | ||
| 010 | _a 94039105 | ||
| 020 |
_a3540586547 _qBerlin : acid-free paper |
||
| 020 |
_a9783540586548 _q(Berlin : acid-free paper) |
||
| 035 | _a1126366 | ||
| 040 |
_aDLC _cMUST _dDLC |
||
| 050 | 0 | 0 |
_aQA320 _b.Y6 1995 |
| 082 | 0 | 0 |
_a515/.7 YOS 1995 _220 |
| 100 | 1 |
_aYoshida, Kōsaku, _d1909-1990. _919400 |
|
| 245 | 1 | 0 |
_aFunctional analysis / _cKôsaku Yosida. |
| 260 |
_aBerlin ; _aNew York : _bSpringer, _cc1995. |
||
| 300 |
_axii, 500 p. ; _c24 cm. |
||
| 336 |
_atext _btxt _2rdacontent |
||
| 337 |
_aunmediated _bn _2rdamedia |
||
| 338 |
_avolume _bnc _2rdacarrier |
||
| 440 | 0 |
_aClassics in mathematics _917649 |
|
| 500 | _a"Reprint of the 1980, 6th, ed." | ||
| 500 | _a"Originally published as vol. 123 of the Grundlehren der mathematischen Wissenschaften"--T.p. verso. | ||
| 504 | _aIncludes bibliographical references (p. [469]-485) and index. | ||
| 650 | 0 |
_aFunctional analysis. _95452 |
|
| 856 | 4 | 2 |
_3Contributor biographical information _uhttp://www.loc.gov/catdir/enhancements/fy0815/94039105-b.html |
| 856 | 4 | 1 |
_3Table of contents only _uhttp://www.loc.gov/catdir/enhancements/fy0815/94039105-t.html |
| 906 |
_a7 _bcbc _corignew _d1 _eocip _f19 _gy-gencatlg |
||
| 942 |
_2z _cB_BANK |
||
| 999 |
_c9529 _d9529 |
||